000 00614cam a2200217u 4500
008
049 _aMAIN
090 _aRA1051
_bSIM
100 1 _aSimpson, Cedric Keith
245 0 0 _aForensic medicine/
_cKeith Simpson.
250 _a4th ed.
260 _aLondon :
_bEdward Arnnlod (Publishers) LTD,
_c1961
300 _aviii, 335 p.
_bill.
_c22 cm.
500 _aIncludes index.
650 0 _aMedical jurisprudence
_zGreat Britain.
907 _a.b10290394
_b31-01-11
_c31-01-11
003
005 20230123125130.0
040 _cNUST
942 _cBOOKS
_kRA1051
_mSIM
999 _c136281
_d136281